Normal view MARC view

Entry Personal Name

Number of records used in: 2

001 - CONTROL NUMBER

  • control field: 538460

003 - CONTROL NUMBER IDENTIFIER

  • control field: OSt

005 - DATE AND TIME OF LATEST TRANSACTION

  • control field: 20220930080256.0

008 - FIXED-LENGTH DATA ELEMENTS

  • fixed length control field: 220930|| aca||aabn | a|a d

040 ## - CATALOGING SOURCE

  • Original cataloging agency: OSt
  • Transcribing agency: OSt

100 ## - HEADING--PERSONAL NAME

  • Personal name: Sinha Deependra Kumar

670 ## - SOURCE DATA FOUND

  • Source citation: Work cat.: (OSt)869560: Sinha Deependra Kumar, Study on evaluation of changes in splanchnic perfusion in conventional coronary artery bypass surgery using cardiopulmonary bypass and off pump coronary artery bypass surgery, 2005
Copyright @ Delhi University Library System